[Event "II Trofeo Principado de Asturias"]
[Site "Grado"]
[Date "2024.03.25"]
[Round "1.1"]
[White "Sanchez Vigon, David"]
[Black "Lohia, Sohum"]
[Result "1-0"]
[WhiteElo "2227"]
[BlackElo "2354"]
[PlyCount "124"]
[EventDate "2024.03.25"]
[EventType "tourn"]
[EventRounds "9"]
[EventCountry "ESP"]

1. e4 e5 2. Nf3 Nc6 3. Bb5 a6 4. Ba4 f5 5. d4 exd4 6. e5 b5 7. Bb3 Na5 8. Bd5
c6 9. Bxg8 Rxg8 10. Nxd4 g6 11. O-O Bb7 12. Re1 c5 13. Nf3 Qb6 14. Bg5 h6 15.
Bf6 Qe6 16. Nc3 b4 17. Ne2 Bxf3 18. gxf3 g5 19. Ng3 f4 20. Ne4 Kf7 21. Qd3 Nc6
22. Rad1 g4 23. Qxd7+ Qxd7 24. Rxd7+ Ke6 25. Rd3 Nd4 26. fxg4 Rxg4+ 27. Kf1
Nxc2 28. Rc1 Nd4 29. h3 Rg8 30. Nxc5+ Bxc5 31. Rxc5 Nb5 32. Rf3 Rac8 33. Rxc8
Rxc8 34. Rxf4 a5 35. Bg7 Rc2 36. Rf6+ Ke7 37. Rb6 Nd4 38. Ra6 Nc6 39. Bxh6 Nxe5
40. Rxa5 Nd3 41. Be3 Rxb2 42. Rd5 b3 43. axb3 Rxb3 44. h4 Ke6 45. Rd4 Ne5 46.
Kg2 Rb7 47. Ra4 Rg7+ 48. Bg5 Rb7 49. Rf4 Rf7 50. Ra4 Rb7 51. Ra5 Rb6 52. f4
Rb2+ 53. Kg3 Rb3+ 54. Kf2 Rb2+ 55. Kf1 Rb1+ 56. Ke2 Rb2+ 57. Kd1 Nd3 58. f5+
Kf7 59. Ra7+ Kg8 60. f6 Ne5 61. Rg7+ Kh8 62. Re7 Ng6 1-0

[Event "II Trofeo Principado de Asturias"]
[Site "Grado"]
[Date "2024.03.25"]
[Round "1.2"]
[White "Sierra Vallina, Lionel"]
[Black "Olson, Hamish"]
[Result "1/2-1/2"]
[WhiteElo "2281"]
[BlackElo "2359"]
[PlyCount "96"]
[EventDate "2024.03.25"]
[EventType "tourn"]
[EventRounds "9"]
[EventCountry "ESP"]

1. Nf3 d5 2. e3 Nf6 3. c4 e6 4. Nc3 a6 5. b3 b6 6. cxd5 exd5 7. g3 Be7 8. Bg2
O-O 9. O-O Re8 10. Bb2 Bb7 11. Rc1 Nbd7 12. Re1 Bf8 13. d3 Rb8 14. Re2 c5 15.
Rec2 b5 16. Ne2 a5 17. Nd2 Qb6 18. Nf4 a4 19. bxa4 bxa4 20. Ba3 Qa7 21. h4 Bd6
22. Nh5 Qa6 23. Nxf6+ Nxf6 24. Nb1 Nd7 25. Nc3 d4 26. Bxb7 Rxb7 27. exd4 cxd4
28. Bxd6 dxc3 29. Bf4 Rb2 30. Rxc3 Rxa2 31. Rc6 Qa8 32. Qg4 Qa7 33. Be3 Rxe3
34. Rc8+ Nf8 35. Rxf8+ Kxf8 36. Qb4+ Ke8 37. Qb5+ Kd8 38. Qd5+ Qd7 39. Qa5+ Ke8
40. fxe3 Qb7 41. Qe5+ Kf8 42. Qd6+ Ke8 43. Qe5+ Kf8 44. Qd6+ Ke8 45. e4 Rc2 46.
Qe5+ Kf8 47. Qd6+ Ke8 48. Qe5+ Kf8 1/2-1/2

[Event "II Trofeo Principado de Asturias"]
[Site "Grado"]
[Date "2024.03.25"]
[Round "1.3"]
[White "Martin Fuentes, Alberto"]
[Black "Bottazzi, Ulysse"]
[Result "1-0"]
[WhiteElo "2372"]
[BlackElo "2329"]
[PlyCount "65"]
[EventDate "2024.03.25"]
[EventType "tourn"]
[EventRounds "9"]
[EventCountry "ESP"]

1. e4 c5 2. Nf3 e6 3. c3 Nf6 4. e5 Nd5 5. d4 cxd4 6. cxd4 d6 7. Bc4 Be7 8. Qe2
O-O 9. O-O Nc6 10. Rd1 Bd7 11. Nc3 Nxc3 12. bxc3 dxe5 13. dxe5 Qc7 14. Bd3 Rfd8
15. Qe4 g6 16. Bh6 Be8 17. h4 Rd5 18. Re1 Rad8 19. Bf1 Qa5 20. Rab1 Qc7 21. Qf4
Ra5 22. Re4 Rxa2 23. h5 Ra5 24. hxg6 hxg6 25. Qh2 f5 26. Rc4 Rdd5 27. Bg5 Bxg5
28. Nxg5 Rxe5 29. Rh4 Qg7 30. Rxb7 Qxb7 31. Rh8+ Kg7 32. Rh7+ Kf6 33. Rxb7 1-0

[Event "II Trofeo Principado de Asturias"]
[Site "Grado"]
[Date "2024.03.25"]
[Round "1.5"]
[White "Llaneza Vega, Marcos"]
[Black "Gonzalez Guedes, Iyan"]
[Result "1/2-1/2"]
[WhiteElo "2366"]
[BlackElo "2280"]
[PlyCount "64"]
[EventDate "2024.03.25"]
[EventType "tourn"]
[EventRounds "9"]
[EventCountry "ESP"]

1. d4 Nf6 2. c4 d6 3. Nc3 e5 4. Nf3 Nbd7 5. g3 c6 6. Bg2 e4 7. Ng5 d5 8. O-O
Nb6 9. cxd5 cxd5 10. a4 h6 11. a5 Nbd7 12. Nh3 Nb8 13. Bf4 Be7 14. Nb5 Na6 15.
Qb3 O-O 16. Rfc1 Ne8 17. Bd2 Nac7 18. Nf4 Nxb5 19. Qxb5 Nf6 20. f3 a6 21. Qb3
g5 22. Nh3 Bf5 23. g4 Be6 24. Qxb7 Rb8 25. Qxa6 Rxb2 26. Rd1 Qb8 27. Rac1 Bc8
28. Qc6 Bd6 29. Rc2 Rb3 30. Rc3 Rb2 31. Rc2 Rb3 32. Rc3 Rb2 1/2-1/2

[Event "II Trofeo Principado de Asturias"]
[Site "Grado"]
[Date "2024.03.26"]
[Round "2.1"]
[White "Lohia, Sohum"]
[Black "Gonzalez Guedes, Iyan"]
[Result "1/2-1/2"]
[WhiteElo "2354"]
[BlackElo "2280"]
[PlyCount "64"]
[EventDate "2024.03.25"]
[EventType "tourn"]
[EventRounds "9"]
[EventCountry "ESP"]

1. e4 c5 2. Nf3 d6 3. d4 cxd4 4. Nxd4 Nf6 5. Nc3 a6 6. Bd3 e6 7. f4 Qc7 8. O-O
Be7 9. Be3 Nbd7 10. a4 b6 11. g4 Nc5 12. g5 Nfd7 13. Rc1 Bb7 14. b4 Nxd3 15.
cxd3 Qd8 16. b5 Rc8 17. bxa6 Bxa6 18. Ncb5 Nc5 19. Na7 Ra8 20. Nac6 Qd7 21.
Nxe7 Kxe7 22. f5 Bxd3 23. f6+ gxf6 24. Rxf6 Bxe4 25. Nb5 Rad8 26. Bf4 e5 27.
Nxd6 Qh3 28. Rxf7+ Ke6 29. Rf6+ Ke7 30. Rf7+ Ke6 31. Rf6+ Ke7 32. Rf7+ Ke6
1/2-1/2

[Event "II Trofeo Principado de Asturias"]
[Site "Grado"]
[Date "2024.03.26"]
[Round "2.2"]
[White "Alonso Bouza, Julio Javier"]
[Black "Llaneza Vega, Marcos"]
[Result "1/2-1/2"]
[WhiteElo "2365"]
[BlackElo "2366"]
[PlyCount "74"]
[EventDate "2024.03.25"]
[EventType "tourn"]
[EventRounds "9"]
[EventCountry "ESP"]

1. d4 Nf6 2. Nf3 d5 3. g3 g6 4. Bg2 Bg7 5. O-O O-O 6. c4 Nc6 7. cxd5 Nxd5 8.
Nc3 Bf5 9. Nh4 Be6 10. e4 Nxc3 11. bxc3 Na5 12. f4 c5 13. e5 cxd4 14. cxd4 Bd5
15. f5 Bxg2 16. Nxg2 Qb6 17. Be3 Nc4 18. Qb3 Nxe3 19. Qxb6 axb6 20. Nxe3 Rfd8
21. Rfd1 Ra4 22. Rab1 Rxa2 23. Rxb6 Re2 24. Rb3 b5 25. h4 Ra8 26. g4 e6 27.
fxe6 fxe6 28. g5 h6 29. gxh6 Bxh6 30. Ng4 Raa2 31. Kh1 Bg7 32. Rxb5 Re4 33. Rg1
Rxd4 34. Rb8+ Kh7 35. Rb7 Kh8 36. Rb8+ Kh7 37. Rb7 Kh8 1/2-1/2

[Event "II Trofeo Principado de Asturias"]
[Site "Grado"]
[Date "2024.03.26"]
[Round "2.3"]
[White "Bottazzi, Ulysse"]
[Black "Alonso Garcia, Rene Marcial"]
[Result "1-0"]
[WhiteElo "2329"]
[BlackElo "2296"]
[PlyCount "69"]
[EventDate "2024.03.25"]
[EventType "tourn"]
[EventRounds "9"]
[EventCountry "ESP"]

1. e4 c5 2. Nf3 d6 3. d4 cxd4 4. Nxd4 Nf6 5. Nc3 a6 6. Bg5 e6 7. f4 Qb6 8. Qd2
Qxb2 9. Rb1 Qa3 10. e5 h6 11. Bh4 dxe5 12. fxe5 Nfd7 13. Ne4 Qxa2 14. Rd1 Qd5
15. Qe3 Qxe5 16. Be2 Bc5 17. Bg3 Qd5 18. c4 Bxd4 19. Rxd4 Qa5+ 20. Rd2 O-O 21.
Bd6 f5 22. Bxf8 Nxf8 23. Nd6 Nbd7 24. O-O Qc5 25. Rd3 a5 26. g4 Qxe3+ 27. Rxe3
fxg4 28. Bxg4 Nc5 29. Rg3 Bd7 30. Bh5 a4 31. Rf7 g5 32. h4 a3 33. hxg5 a2 34.
gxh6+ Kh8 35. Rg8+ 1-0

[Event "II Trofeo Principado de Asturias"]
[Site "Grado"]
[Date "2024.03.26"]
[Round "2.4"]
[White "Olson, Hamish"]
[Black "Martin Fuentes, Alberto"]
[Result "1/2-1/2"]
[WhiteElo "2359"]
[BlackElo "2372"]
[PlyCount "122"]
[EventDate "2024.03.25"]
[EventType "tourn"]
[EventRounds "9"]
[EventCountry "ESP"]

1. d4 Nf6 2. Nf3 g6 3. Nbd2 d5 4. e3 Bg7 5. b4 O-O 6. c4 c6 7. a4 a5 8. b5 c5
9. Bb2 Bg4 10. dxc5 Nbd7 11. c6 bxc6 12. cxd5 cxd5 13. Be2 Bxf3 14. Nxf3 Nb6
15. O-O Nfd7 16. Bxg7 Kxg7 17. Nd4 e6 18. Qb3 Qf6 19. Rfc1 Rfc8 20. Qa3 Ne5 21.
Qd6 Nec4 22. Bxc4 Nxc4 23. Qg3 h5 24. h4 Ra7 25. Nc6 Rac7 26. Rd1 Rxc6 27. bxc6
Rxc6 28. Qg5 Nb6 29. Rdb1 Qc3 30. Qd8 Nc4 31. Rc1 Qd2 32. Rab1 Rb6 33. Rd1 Qc2
34. Rbc1 Qxa4 35. e4 Rd6 36. Qe7 Rd7 37. Qc5 Ne5 38. exd5 Qg4 39. Qe3 f6 40. f4
Nc4 41. Qxe6 Nd6 42. Qxg4 hxg4 43. Kf2 a4 44. Rc6 Ne4+ 45. Ke3 f5 46. Ra1 Nf6
47. d6 Kf7 48. Rxa4 Ke6 49. Ra5 Rxd6 50. Rxd6+ Kxd6 51. Kd4 Ke6 52. Ra6+ Kf7
53. Ke5 Nh5 54. Ra7+ Kg8 55. g3 Kh8 56. Ke6 Kg8 57. Rb7 Kf8 58. Rh7 Nxg3 59.
Kf6 Ne4+ 60. Kxg6 g3 61. Rf7+ Ke8 1/2-1/2

[Event "II Trofeo Principado de Asturias"]
[Site "Grado"]
[Date "2024.03.26"]
[Round "2.5"]
[White "Sanchez Vigon, David"]
[Black "Sierra Vallina, Lionel"]
[Result "1/2-1/2"]
[WhiteElo "2227"]
[BlackElo "2281"]
[PlyCount "92"]
[EventDate "2024.03.25"]
[EventType "tourn"]
[EventRounds "9"]
[EventCountry "ESP"]

1. e4 c6 2. d4 d5 3. exd5 cxd5 4. Bd3 Nc6 5. c3 e6 6. Nf3 Bd6 7. O-O Nge7 8.
Re1 O-O 9. b3 Ng6 10. Na3 a6 11. Nc2 Qc7 12. Ne3 Rd8 13. Bb2 f6 14. Qb1 Qf7 15.
c4 Nce7 16. g3 b6 17. Qd1 Bb7 18. Qe2 Re8 19. Rac1 Kh8 20. h4 Nf8 21. Nh2 Nd7
22. Neg4 Nf5 23. cxd5 Bxd5 24. Nf1 b5 25. Be4 Bb4 26. Red1 Nb6 27. Bxd5 Nxd5
28. Nge3 Nfxe3 29. Nxe3 Qd7 30. Kg2 Rac8 31. Nxd5 Qxd5+ 32. Qf3 Kg8 33. Qxd5
exd5 34. Kf3 Kf7 35. h5 Ke6 36. Rxc8 Rxc8 37. Rc1 Rxc1 38. Bxc1 Bc3 39. Be3 g6
40. hxg6 hxg6 41. Ke2 f5 42. f3 Kf6 43. Kd3 Be1 44. Bf4 g5 45. Be5+ Ke6 46. g4
Bb4 1/2-1/2

[Event "II Trofeo Principado de Asturias"]
[Site "Grado"]
[Date "2024.03.26"]
[Round "3.1"]
[White "Sierra Vallina, Lionel"]
[Black "Lohia, Sohum"]
[Result "1/2-1/2"]
[WhiteElo "2281"]
[BlackElo "2354"]
[PlyCount "88"]
[EventDate "2024.03.25"]
[EventType "tourn"]
[EventRounds "9"]
[EventCountry "ESP"]

1. c4 Nf6 2. Nc3 e6 3. e4 c5 4. e5 Ng8 5. d4 cxd4 6. Qxd4 Nc6 7. Qf4 Nge7 8.
Bd3 Ng6 9. Bxg6 hxg6 10. Nf3 d6 11. exd6 Bxd6 12. Qe4 e5 13. Bg5 Bf5 14. Bxd8
Bxe4 15. Nxe4 Bb4+ 16. Ke2 Rxd8 17. a3 f5 18. axb4 fxe4 19. Ne1 a6 20. b5 axb5
21. cxb5 Nd4+ 22. Ke3 Nf5+ 23. Kxe4 Rh4+ 24. Kf3 Rd2 25. g4 Nd4+ 26. Kg3 g5 27.
Ng2 Rh6 28. Rae1 Ne2+ 29. Kf3 Nd4+ 30. Kg3 Rd3+ 31. Re3 Rf6 32. h3 Rf3+ 33. Kh2
Rdxe3 34. fxe3 Nc2 35. Rc1 Nxe3 36. Nxe3 Rxe3 37. Rc7 Kf8 38. Rxb7 Rb3 39. b6
Rxb2+ 40. Kg3 e4 41. Rb8+ Kf7 42. b7 Kg6 43. Re8 Rxb7 44. Rxe4 Rb3+ 1/2-1/2

[Event "II Trofeo Principado de Asturias"]
[Site "Grado"]
[Date "2024.03.26"]
[Round "3.2"]
[White "Martin Fuentes, Alberto"]
[Black "Sanchez Vigon, David"]
[Result "1-0"]
[WhiteElo "2372"]
[BlackElo "2227"]
[PlyCount "63"]
[EventDate "2024.03.25"]
[EventType "tourn"]
[EventRounds "9"]
[EventCountry "ESP"]

1. e4 c6 2. Nc3 d5 3. Nf3 dxe4 4. Nxe4 Nf6 5. Qe2 Nxe4 6. Qxe4 Nd7 7. Bc4 Nf6
8. Ne5 e6 9. Qe2 b5 10. Bd3 Qc7 11. a4 b4 12. b3 Nd5 13. g3 Bd6 14. Nc4 O-O 15.
Nxd6 Qxd6 16. Bb2 c5 17. O-O-O f5 18. f4 Bb7 19. Rhg1 Nf6 20. h3 Be4 21. Bxe4
Nxe4 22. g4 Rf7 23. gxf5 exf5 24. Rg2 Rd8 25. Rdg1 Rdd7 26. Be5 Qd5 27. Qa6 Qb7
28. Qe6 Kf8 29. d3 Rde7 30. Qc4 Nf6 31. Bd6 Ne8 32. Bxc5 1-0

[Event "II Trofeo Principado de Asturias"]
[Site "Grado"]
[Date "2024.03.26"]
[Round "3.3"]
[White "Alonso Garcia, Rene Marcial"]
[Black "Olson, Hamish"]
[Result "1/2-1/2"]
[WhiteElo "2296"]
[BlackElo "2359"]
[PlyCount "81"]
[EventDate "2024.03.25"]
[EventType "tourn"]
[EventRounds "9"]
[EventCountry "ESP"]

1. d4 d5 2. c4 e6 3. Nf3 Nf6 4. g3 Bb4+ 5. Nbd2 O-O 6. Bg2 b6 7. O-O Bb7 8. b3
Nbd7 9. Bb2 Re8 10. Rc1 Bf8 11. Qc2 c5 12. dxc5 Bxc5 13. cxd5 Bxd5 14. e4 Bb7
15. e5 Nd5 16. Ne4 Be7 17. h4 h6 18. Rfd1 Rc8 19. Qe2 Rxc1 20. Rxc1 Qb8 21. a3
Rc8 22. Rd1 Nc5 23. Nfd2 Ba6 24. Qg4 Nxe4 25. Nxe4 h5 26. Qxh5 Rc2 27. Nf6+
Bxf6 28. Be4 g6 29. Bxg6 fxg6 30. Qxg6+ Bg7 31. Qxc2 Qe8 32. Qe4 Qf7 33. Qg4
Kh7 34. h5 Bf8 35. Qe4+ Kg8 36. Qg4+ Kh7 37. Qe4+ Kg8 38. Qg4+ Kh7 39. Rxd5
exd5 40. e6 Qe8 41. Qf5+ 1/2-1/2

[Event "II Trofeo Principado de Asturias"]
[Site "Grado"]
[Date "2024.03.26"]
[Round "3.4"]
[White "Llaneza Vega, Marcos"]
[Black "Bottazzi, Ulysse"]
[Result "1-0"]
[WhiteElo "2366"]
[BlackElo "2329"]
[PlyCount "89"]
[EventDate "2024.03.25"]
[EventType "tourn"]
[EventRounds "9"]
[EventCountry "ESP"]

1. d4 Nf6 2. Nf3 g6 3. c4 Bg7 4. Nc3 O-O 5. e4 d6 6. Be2 e5 7. Bg5 h6 8. Bh4
Qe8 9. dxe5 dxe5 10. Qd2 Nbd7 11. Rd1 c6 12. Qd6 Kh7 13. O-O Nh5 14. Be7 Rg8
15. g3 Bf6 16. Bxf6 Nhxf6 17. Nd2 Qf8 18. Nb3 Qxd6 19. Rxd6 Kg7 20. Rfd1 Nf8
21. f3 Ne6 22. Kf2 Kf8 23. c5 Ke7 24. Ke3 Rb8 25. f4 exf4+ 26. gxf4 Nc7 27. Na5
Bg4 28. e5 Nfd5+ 29. Nxd5+ Nxd5+ 30. R6xd5 cxd5 31. Bxg4 f5 32. Bf3 Rgc8 33.
Rxd5 b6 34. Nc4 Rxc5 35. Kd4 Rxd5+ 36. Bxd5 g5 37. Nd6 Rf8 38. Ke3 Kd7 39. Nf7
Ke8 40. Nxh6 gxf4+ 41. Kxf4 Rh8 42. Nxf5 Rxh2 43. e6 Rc2 44. Ke5 Rc5 45. Kd6
1-0

[Event "II Trofeo Principado de Asturias"]
[Site "Grado"]
[Date "2024.03.26"]
[Round "3.5"]
[White "Gonzalez Guedes, Iyan"]
[Black "Alonso Bouza, Julio Javier"]
[Result "1/2-1/2"]
[WhiteElo "2280"]
[BlackElo "2365"]
[PlyCount "69"]
[EventDate "2024.03.25"]
[EventType "tourn"]
[EventRounds "9"]
[EventCountry "ESP"]

1. e4 c6 2. d4 d5 3. exd5 cxd5 4. Bd3 Nc6 5. c3 Nf6 6. h3 g6 7. Qc2 Bg7 8. Nf3
Bd7 9. O-O Rc8 10. a3 O-O 11. Re1 Re8 12. Nbd2 Nh5 13. Nb3 e5 14. dxe5 Nxe5 15.
Nbd4 Nxf3+ 16. Nxf3 Rxe1+ 17. Nxe1 d4 18. c4 Be6 19. Qe2 Qc7 20. b3 Nf4 21. Qf3
Nxd3 22. Nxd3 Qb6 23. Qd1 a5 24. a4 Bf5 25. Ra2 g5 26. Re2 h6 27. Bb2 g4 28.
hxg4 Bxg4 29. f3 Bf5 30. Bc1 h5 31. Bf4 Qg6 32. Ne5 Qb6 33. Nd3 Qg6 34. Ne5 Qb6
35. Nd3 1/2-1/2

[Event "II Trofeo Principado de Asturias"]
[Site "Grado"]
[Date "2024.03.27"]
[Round "4.1"]
[White "Lohia, Sohum"]
[Black "Alonso Bouza, Julio Javier"]
[Result "0-1"]
[WhiteElo "2354"]
[BlackElo "2365"]
[PlyCount "66"]
[EventDate "2024.03.25"]
[EventType "tourn"]
[EventRounds "9"]
[EventCountry "ESP"]

1. e4 e6 2. d4 d5 3. Nc3 Bb4 4. e5 c5 5. a3 Bxc3+ 6. bxc3 Nc6 7. a4 Qa5 8. Bd2
Nge7 9. Nf3 c4 10. h4 Bd7 11. h5 h6 12. Nh4 O-O-O 13. f4 g5 14. fxg5 hxg5 15.
Nf3 Rdg8 16. g4 Rg7 17. Rh3 Ng8 18. Nxg5 Qd8 19. Qc1 f6 20. exf6 Nxf6 21. Be2
e5 22. dxe5 Nxe5 23. Qa3 Nfxg4 24. Qc5+ Nc6 25. O-O-O Rxg5 26. Bxg5 Qxg5+ 27.
Kb2 Nf6 28. Rhh1 Qe5 29. Bf3 b6 30. Qf2 d4 31. cxd4 Qa5 32. Bxc6 c3+ 33. Ka3
Bxc6 0-1

[Event "II Trofeo Principado de Asturias"]
[Site "Grado"]
[Date "2024.03.27"]
[Round "4.2"]
[White "Bottazzi, Ulysse"]
[Black "Gonzalez Guedes, Iyan"]
[Result "1/2-1/2"]
[WhiteElo "2329"]
[BlackElo "2280"]
[PlyCount "103"]
[EventDate "2024.03.25"]
[EventType "tourn"]
[EventRounds "9"]
[EventCountry "ESP"]

1. e4 c5 2. Nf3 d6 3. d4 cxd4 4. Nxd4 Nf6 5. Nc3 a6 6. Be2 e5 7. Nb3 Be7 8. O-O
O-O 9. Qd3 Be6 10. Bd2 Nbd7 11. Nd5 Nc5 12. Nxc5 Bxd5 13. exd5 dxc5 14. Bf3 Qc7
15. c4 Bd6 16. g3 Nd7 17. Be4 g6 18. Bg2 f5 19. f4 exf4 20. Bxf4 Bxf4 21. gxf4
Qd6 22. Rae1 Rae8 23. Qc3 Nf6 24. Re5 b5 25. Rfe1 b4 26. Qd2 Kf7 27. Re6 Qb8
28. Qe3 Kg7 29. Re7+ Rxe7 30. Qxe7+ Rf7 31. Qe5 Qd8 32. d6 Kh6 33. Qxc5 Rd7 34.
Rd1 Ne8 35. Qxb4 Rxd6 36. Rxd6 Nxd6 37. Qc3 Qc7 38. Qh3+ Kg7 39. Qc3+ Kh6 40.
c5 Nb5 41. Qh3+ Kg7 42. Qe3 Qd7 43. h3 Nd4 44. c6 Nxc6 45. Bxc6 Qxc6 46. Qe7+
Kg8 47. Qd8+ Kf7 48. Qd4 Qe6 49. Qa7+ Kg8 50. Qb8+ Kg7 51. a3 Qe3+ 52. Kg2
1/2-1/2

[Event "II Trofeo Principado de Asturias"]
[Site "Grado"]
[Date "2024.03.27"]
[Round "4.3"]
[White "Olson, Hamish"]
[Black "Llaneza Vega, Marcos"]
[Result "1-0"]
[WhiteElo "2359"]
[BlackElo "2366"]
[PlyCount "59"]
[EventDate "2024.03.25"]
[EventType "tourn"]
[EventRounds "9"]
[EventCountry "ESP"]

1. d4 Nf6 2. Nf3 c5 3. d5 b5 4. c3 Bb7 5. e4 Qb6 6. a4 Nxe4 7. Bxb5 Qd6 8. O-O
Qxd5 9. Qe2 Nd6 10. Rd1 Qe4 11. Be3 Nxb5 12. axb5 e6 13. Nbd2 Qc2 14. b4 cxb4
15. Qc4 Qxc3 16. Qf4 d6 17. Rac1 Qf6 18. Qxb4 d5 19. Qa5 Qd8 20. Qc7 Qd7 21.
Qg3 Qxb5 22. Nd4 Qa4 23. Ne4 dxe4 24. Qc7 Bd5 25. Qc8+ Ke7 26. Nf5+ Kf6 27.
Qd8+ Ke5 28. Nd6 f6 29. Nf7+ Kf5 30. Rxd5+ 1-0

[Event "II Trofeo Principado de Asturias"]
[Site "Grado"]
[Date "2024.03.27"]
[Round "4.4"]
[White "Sanchez Vigon, David"]
[Black "Alonso Garcia, Rene Marcial"]
[Result "0-1"]
[WhiteElo "2227"]
[BlackElo "2296"]
[PlyCount "82"]
[EventDate "2024.03.25"]
[EventType "tourn"]
[EventRounds "9"]
[EventCountry "ESP"]

1. e4 e6 2. d4 d5 3. Nd2 Nf6 4. e5 Nfd7 5. c3 c5 6. f4 Nc6 7. Ndf3 Qb6 8. a3 c4
9. Ne2 Na5 10. f5 exf5 11. Nf4 Qc6 12. g3 Be7 13. Bh3 g6 14. O-O Nb3 15. Rb1
Nxc1 16. Rxc1 Nf8 17. e6 Nxe6 18. Ne5 Qd6 19. Qa4+ Kf8 20. Nxe6+ Bxe6 21. g4 f4
22. Rxf4 Bg5 23. Rxf7+ Bxf7 24. Rf1 Kg8 25. Nxf7 Qe6 26. Nxg5 Qe3+ 27. Kh1 Qxg5
28. Bg2 Rf8 29. Re1 Kg7 30. Qd7+ Kh6 31. Qxd5 Qxd5 32. Bxd5 Rf2 33. h4 Rhf8 34.
Re7 Rxb2 35. Kg1 Rf4 36. Be6 g5 37. Bf5 gxh4 38. Rxh7+ Kg5 39. Rh5+ Kf6 40.
Rxh4 Rff2 41. Rh7 Rfd2 0-1

[Event "II Trofeo Principado de Asturias"]
[Site "Grado"]
[Date "2024.03.27"]
[Round "4.5"]
[White "Sierra Vallina, Lionel"]
[Black "Martin Fuentes, Alberto"]
[Result "1/2-1/2"]
[WhiteElo "2281"]
[BlackElo "2372"]
[PlyCount "80"]
[EventDate "2024.03.25"]
[EventType "tourn"]
[EventRounds "9"]
[EventCountry "ESP"]

1. e4 e5 2. Nf3 Nc6 3. Bb5 a6 4. Ba4 Nf6 5. O-O d6 6. Re1 Be7 7. c3 O-O 8. h3
b5 9. Bc2 d5 10. d4 Nxe4 11. dxe5 Bc5 12. Be3 Bxe3 13. Rxe3 Bb7 14. Nbd2 Ng5
15. Nd4 Re8 16. N2b3 Nxe5 17. f4 Nef3+ 18. Rxf3 Nxf3+ 19. Nxf3 d4 20. Nfxd4 Qd6
21. Qh5 g6 22. Qg5 h6 23. Qg4 c5 24. Nf5 Qf8 25. Ng3 Qe7 26. Kh2 Kf8 27. Rd1 h5
28. Qd7 h4 29. Nf1 Qxd7 30. Rxd7 Bxg2 31. Kxg2 Re2+ 32. Kf3 Rxc2 33. Rd2 Rxd2
34. Nfxd2 Rd8 35. Ne4 Rd3+ 36. Kg2 c4 37. Nbc5 Re3 38. Kf2 Rxh3 39. Kg2 Re3 40.
Kf2 Ke8 1/2-1/2

[Event "II Trofeo Principado de Asturias"]
[Site "Grado"]
[Date "2024.03.28"]
[Round "5.1"]
[White "Alonso Bouza, Julio Javier"]
[Black "Bottazzi, Ulysse"]
[Result "1/2-1/2"]
[WhiteElo "2365"]
[BlackElo "2329"]
[PlyCount "251"]
[EventDate "2024.03.25"]
[EventType "tourn"]
[EventRounds "9"]
[EventCountry "ESP"]

1. e4 c5 2. Nf3 e6 3. d4 cxd4 4. Nxd4 Nc6 5. Nb5 d6 6. c4 Nf6 7. N1c3 a6 8. Na3
Be7 9. Be2 O-O 10. O-O b6 11. Be3 Bb7 12. Qe1 Nb8 13. f3 Nbd7 14. Rd1 Qc7 15.
Nab1 Rfe8 16. Qf2 d5 17. cxd5 exd5 18. Nxd5 Bxd5 19. exd5 Bd6 20. Kh1 Bxh2 21.
f4 Ne4 22. Qf3 Bg3 23. Bd3 Qd6 24. Qg4 Ndf6 25. Qh3 h5 26. Rf3 h4 27. Nc3 Re7
28. Bd4 Rae8 29. Be5 Rxe5 30. fxe5 Qxe5 31. Nxe4 Nxe4 32. Bxe4 Qxe4 33. Qf5
Qxf5 34. Rxf5 f6 35. d6 Kf7 36. d7 Rd8 37. Rfd5 Ke7 38. a4 a5 39. R1d2 g5 40.
Kg1 Ke6 41. Kf1 Bf4 42. R2d3 Be5 43. Ke2 g4 44. Rb5 Bc7 45. Rh5 h3 46. gxh3
gxh3 47. Rhxh3 Rxd7 48. Rxd7 Kxd7 49. Rh7+ Kc6 50. Rf7 Be5 51. b3 b5 52. Kd3
bxa4 53. bxa4 Bd6 54. Rxf6 Kc7 55. Kc4 Bb4 56. Kb5 Kb7 57. Rf7+ Kc8 58. Kc6 Kb8
59. Kb6 Kc8 60. Rc7+ Kb8 61. Rc2 Bd6 62. Kxa5 Ka7 63. Rc6 Bg3 64. Rg6 Bf4 65.
Rg7+ Ka8 66. Kb6 Be3+ 67. Ka6 Bf4 68. Rb7 Bg3 69. Kb6 Bf2+ 70. Kc6 Be3 71. Rb5
Bf2 72. Rf5 Bg1 73. Rg5 Be3 74. Rg7 Bd4 75. Rg5 Be3 76. Ra5+ Kb8 77. Ra6 Bf2
78. Kb5 Kb7 79. Rf6 Bg3 80. Rf8 Bh2 81. Rg8 Bf4 82. Rf8 Bh2 83. Rf2 Be5 84. Re2
Bg3 85. Re7+ Ka8 86. Rf7 Bh2 87. Ka5 Be5 88. Re7 Bg3 89. Ka6 Bb8 90. Rd7 Bg3
91. Ra7+ Kb8 92. Rg7 Bf2 93. Rg8+ Kc7 94. Rf8 Bg1 95. Rf1 Be3 96. Rb1 Kc8 97.
Rb3 Bg1 98. Kb5 Kb7 99. Rg3 Bd4 100. Rg4 Be3 101. Rg7+ Ka8 102. Re7 Bf2 103.
Ka6 Bg3 104. a5 Bh2 105. Re2 Bc7 106. Rc2 Bf4 107. Rc3 Be5 108. Rf3 Bh2 109.
Rf8+ Bb8 110. Rf7 Bh2 111. Rh7 Bg3 112. Rb7 Bh2 113. Ra7+ Kb8 114. Rb7+ Ka8
115. Rb3 Be5 116. Rf3 Bh2 117. Rc3 Be5 118. Rc2 Bf4 119. Rc6 Bg3 120. Rf6 Be5
121. Rb6 Bc7 122. Rb5 Bf4 123. Rb7 Bh2 124. Ra7+ Kb8 125. Rg7 Be5 126. Rb7+
1/2-1/2

[Event "II Trofeo Principado de Asturias"]
[Site "Grado"]
[Date "2024.03.28"]
[Round "5.2"]
[White "Alonso Garcia, Rene Marcial"]
[Black "Sierra Vallina, Lionel"]
[Result "0-1"]
[WhiteElo "2296"]
[BlackElo "2281"]
[PlyCount "162"]
[EventDate "2024.03.25"]
[EventType "tourn"]
[EventRounds "9"]
[EventCountry "ESP"]

1. d4 d5 2. c4 e6 3. Nf3 Nf6 4. g3 Be7 5. Bg2 O-O 6. Qc2 c6 7. O-O b6 8. b3
Nbd7 9. Rd1 Ba6 10. Nc3 dxc4 11. bxc4 Bxc4 12. Nd2 Ba6 13. Bxc6 Rc8 14. Bf3 b5
15. a3 Nb6 16. Ndb1 Rc4 17. e3 Qd7 18. Nd2 Rc7 19. Qd3 Rfc8 20. Nce4 Na4 21. h4
h6 22. Nxf6+ Bxf6 23. Ne4 Be7 24. Qf1 Bb7 25. Qg2 Bxe4 26. Bxe4 Nc3 27. Re1
Ne2+ 28. Rxe2 Rxc1+ 29. Rxc1 Rxc1+ 30. Kh2 Bxa3 31. Rc2 Rxc2 32. Bxc2 Qc8 33.
Qe4 Kf8 34. Bb3 a5 35. Qd3 Qb8 36. d5 e5 37. d6 Bxd6 38. Qd5 Qc7 39. Qxb5 h5
40. Qd5 g6 41. Kg2 Kg7 42. Kh2 Bb4 43. Kg2 Qe7 44. Kf1 Qf6 45. Qe4 Qd6 46. Qc4
Qd7 47. Kg2 Qb7+ 48. Kg1 Qf3 49. Qb5 Qf5 50. Kg2 Qe4+ 51. Kh2 Be1 52. Qe2 Qb4
53. Bd5 a4 54. Qf3 Qe7 55. Qe2 Bb4 56. Kg2 a3 57. Qb5 Bd6 58. Qa4 Qc7 59. Qe8
Qa7 60. Qc6 Qc7 61. Qe8 Qe7 62. Qa4 g5 63. hxg5 Qxg5 64. Qd7 Be7 65. Qa4 Qg6
66. Qe8 Bf6 67. Qd7 h4 68. g4 e4 69. Kh3 Be5 70. Qf5 Qxf5 71. gxf5 Bf6 72. Kg2
Bd8 73. f3 exf3+ 74. Kxf3 Bc7 75. Kg4 Bg3 76. e4 f6 77. Kh3 Kf8 78. e5 fxe5 79.
f6 e4 80. Kg4 e3 81. Kf3 Bf2 0-1